Technológia plošného tvárnenia : návody pre cvičenia /

Hlavní autor: Hrivňák, Andrej, 1937-
Další autoři: Evin, Emil, 1956-, Spišák, Emil, 1955-
Jazyk: Slovenština
Vydáno: Bratislava : Alfa, 1989
Vydání: 1. vyd.
Fyzický popis: 151 s.
Knihy
Uloženo v:
LEADER 00752nam a22002172a 4500
001 000161475
003 CZ BrMZK
005 19970103143423.0
008 970103s1989 xo f slo d
040 |a BOA001  |b cze 
080 |a 621.98(076)  |2 MRF 
100 1 |a Hrivňák, Andrej,  |d 1937-  |7 mzk2004248781 
245 1 0 |a Technológia plošného tvárnenia :  |b návody pre cvičenia /  |c Andrej Hrivňák, Emil Evin, Emil Spišák 
250 |a 1. vyd. 
260 |a Bratislava :  |b Alfa,  |c 1989 
300 |a 151 s. 
700 1 |a Evin, Emil,  |d 1956-  |7 mzk2005289852 
700 1 |a Spišák, Emil,  |d 1955-  |7 jx20070831003 
910 |a BOA001  |b TK-A-0246.991 
990 |a BK 
996 7 |b 2629986855  |c TK-A-0246.991  |l MZK  |r Sklad / do 24 hodin  |n 4  |w 000161475  |u 000010  |a 1  |e BOA001  |j MZK50  |s A